平成に消滅・改称した愛知県の市町村 - Statistics

General Stats
  • This quiz has been taken 45 times
  • The average score is 29 of 41
Answer Stats
変更年月日 変更内容 回答 変更後の市町村 % Correct
2006.03/20 新設合併 西春町 北名古屋市
94%
2005.11/27 編入合併 富山村 豊根村
91%
2010.01/04 町名改称 三好町 みよし町(同日市制, みよし市)
91%
2005.04/01 編入合併 尾西市 一宮市
89%
2005.07/07 新設合併 西枇杷島町 清須市
89%
2010.03/22 新設合併 甚目寺町 あま市
89%
2011.04/01 編入合併 一色町 西尾市
89%
2005.04/01 編入合併 木曽川町 一宮市
86%
2005.10/01 編入合併 渥美町 田原市
86%
2010.03/22 新設合併 七宝町 あま市
86%
2011.04/01 編入合併 吉良町 西尾市
83%
2011.04/01 編入合併 幡豆町 西尾市
83%
2005.07/07 新設合併 清洲町 清須市
80%
2005.04/01 編入合併 祖父江町 稲沢市
77%
2006.01/01 編入合併 額田町 岡崎市
77%
2006.03/20 新設合併 師勝町 北名古屋市
77%
2006.04/01 編入合併 十四山村 弥富町(同日市制, 弥富市)
77%
2010.02/01 編入合併 小坂井町 豊川市
77%
2003.08/20 編入合併 赤羽根町 田原町(同日市制, 田原市)
74%
2005.04/01 編入合併 足助町 豊田市
74%
2005.04/01 新設合併 佐屋町 愛西市
74%
2005.10/01 新設合併 設楽町 設楽町
74%
2005.10/01 新設合併 新城市 新城市
71%
2005.10/01 新設合併 鳳来町 新城市
69%
2005.04/01 編入合併 稲武町 豊田市
66%
2005.04/01 新設合併 佐織町 愛西市
66%
2005.07/07 新設合併 新川町 清須市
66%
2009.10/01 編入合併 春日町 清須市
66%
2005.04/01 編入合併 藤岡町 豊田市
63%
2006.02/01 編入合併 一宮町 豊川市
63%
2005.04/01 編入合併 平和町 稲沢市
60%
2005.10/01 新設合併 津具村 設楽町
60%
2005.04/01 編入合併 旭町 豊田市
57%
2008.01/15 編入合併 御津町 豊川市
57%
2010.03/22 新設合併 美和町 あま市
57%
2005.10/01 新設合併 作手村 新城市
54%
2008.01/15 編入合併 音羽町 豊川市
54%
2005.04/01 編入合併 小原村 豊田市
49%
2005.04/01 編入合併 下山村 豊田市
49%
2005.04/01 新設合併 八開村 愛西市
49%
2005.04/01 新設合併 立田村 愛西市
46%
No matching quizzes found
Score Distribution
Percent of People with Each Score
Percentile by Number Answered
Your Score History
You have not taken this quiz